[Event "Unterfranken-ch HA 53th"]
[Site "Wuerzburg"]
[Date "2002.??.??"]
[Round "?"]
[White "Ziegler, Thomas"]
[Black "Gerhard, Andreas"]
[Result "1-0"]
[WhiteElo "1750"]
[BlackElo "1642"]
[PlyCount "25"]
[EventDate "2002.04.01"]
[EventType "swiss"]
[EventRounds "9"]
[EventCountry "GER"]
[SourceTitle "EXT 2015"]
[Source "ChessBase"]
[SourceDate "2014.11.20"]
[SourceVersion "1"]
[SourceVersionDate "2014.11.20"]
[SourceQuality "1"]

1. d4 Nf6 2. c4 d5 3. Nc3 e6 4. Bg5 Be7 5. e3 0-0 6. Nf3 Nbd7 7. Bd3 dxc4 8. Bxc4 c5 9. 0-0 b6 10. Qe2 cxd4 11. Nxd4 Bb7 12. Rfd1 Ne4 13. Nxe6 1-0

[Event "Unterfranken-ch HA 48th"]
[Site "Bergrheinfeld"]
[Date "1997.??.??"]
[Round "7"]
[White "Bergmann, Heribert"]
[Black "Gerhard, Andreas"]
[Result "1/2-1/2"]
[WhiteElo "1608"]
[BlackElo "1632"]
[PlyCount "75"]
[EventDate "1997.03.31"]
[EventType "swiss"]
[EventRounds "9"]
[EventCountry "GER"]
[SourceTitle "EXT 2015"]
[Source "ChessBase"]
[SourceDate "2014.11.20"]
[SourceVersion "1"]
[SourceVersionDate "2014.11.20"]
[SourceQuality "1"]

1. e4 c5 2. Nf3 Nc6 3. d4 cxd4 4. Nxd4 Nf6 5. Nc3 g6 6. Nxc6 bxc6 7. Bd3 d6 8. 0-0 Bg7 9. Bg5 0-0 10. Qd2 Re8 11. Ne2 Qb6 12. c3 Ba6 13. Be3 Qb7 14. Bxa6 Qxa6 15. Ng3 Ng4 16. h3 Nxe3 17. Qxe3 Rab8 18. Qd2 Rb6 19. b3 c5 20. Ne2 Reb8 21. Qc2 Qb7 22. Rad1 a5 23. c4 a4 24. Nc1 axb3 25. Nxb3 Ra8 26. Rd2 Rb4 27. Rb1 Raa4 28. Qd1 Qa6 29. Nxc5 Rxb1 30. Qxb1 dxc5 31. Rd8+ Bf8 32. Qb8 Rxa2 33. Rxf8+ Kg7 34. Rg8+ Kf6 35. Qf4+ Ke6 36. Qg4+ Kf6 37. Qf4+ Ke6 38. Qg4+ 1/2-1/2

[Event "Unterfranken-ch HA 48th"]
[Site "Bergrheinfeld"]
[Date "1997.??.??"]
[Round "5"]
[White "Poppe, Wolfgang"]
[Black "Gerhard, Andreas"]
[Result "1/2-1/2"]
[WhiteElo "1564"]
[BlackElo "1632"]
[PlyCount "77"]
[EventDate "1997.03.31"]
[EventType "swiss"]
[EventRounds "9"]
[EventCountry "GER"]
[SourceTitle "EXT 2015"]
[Source "ChessBase"]
[SourceDate "2014.11.20"]
[SourceVersion "1"]
[SourceVersionDate "2014.11.20"]
[SourceQuality "1"]

1. e4 c5 2. Nc3 Nc6 3. g3 g6 4. Bg2 Bg7 5. d3 e6 6. Be3 d6 7. Qd2 Qa5 8. Nge2 Nd4 9. Nxd4 cxd4 10. Ne2 Qb6 11. Bg5 h6 12. Bf4 g5 13. Bxd6 Qxd6 14. 0-0 Ne7 15. f4 gxf4 16. Nxf4 e5 17. Nh5 0-0 18. Rf2 f6 19. c4 Bg4 20. Nxg7 Kxg7 21. b4 b6 22. Raf1 Rac8 23. a3 Rf7 24. h3 Bd7 25. Bf3 f5 26. Bh5 Rff8 27. Qe2 f4 28. gxf4 exf4 29. Rg2+ Kh7 30. e5 Qe6 31. Bg4 Qc6 32. Bf3 Qe6 33. Bg4 Qc6 34. b5 Bxg4 35. Qxg4 Qxg2+ 36. Qxg2 Rg8 37. Rxf4 Rxg2+ 38. Kxg2 Rg8+ 39. Kf3 1/2-1/2

[Event "Unterfranken-ch HA 48th"]
[Site "Bergrheinfeld"]
[Date "1997.??.??"]
[Round "1"]
[White "Weibert, Christoph"]
[Black "Gerhard, Andreas"]
[Result "1-0"]
[WhiteElo "1193"]
[BlackElo "1632"]
[PlyCount "59"]
[EventDate "1997.03.31"]
[EventType "swiss"]
[EventRounds "9"]
[EventCountry "GER"]
[SourceTitle "EXT 2015"]
[Source "ChessBase"]
[SourceDate "2014.11.20"]
[SourceVersion "1"]
[SourceVersionDate "2014.11.20"]
[SourceQuality "1"]

1. e4 c5 2. Nf3 Nc6 3. d4 cxd4 4. Nxd4 Nf6 5. Nc3 g6 6. Bg5 Bg7 7. Bc4 0-0 8. 0-0 Qb6 9. Nb3 d6 10. Re1 Ng4 11. Qd2 Be6 12. Bd5 Rae8 13. Re2 a5 14. Rb1 Nb4 15. a3 Nc6 16. Na4 Qb5 17. Nc3 Qb6 18. h3 Nf6 19. Be3 Qa6 20. Bg5 a4 21. Nd4 Bxd5 22. exd5 Nxd5 23. Nxc6 bxc6 24. Nxd5 cxd5 25. Bxe7 Kh8 26. Rbe1 Rg8 27. Qxd5 Bxb2 28. Bf6+ Bxf6 29. Rxe8 Be5 30. Qxf7 1-0